| 000 | 00411nam a2200181Ia 4500 | ||
|---|---|---|---|
| 008 | 220531s9999 xx 000 0 und d | ||
| 041 | _aeng | ||
| 082 | _bLAL | ||
| 100 |
_aLal, Shyam _948557 |
||
| 245 | _aUntouchable Movement In India | ||
| 250 | _a1ST | ||
| 260 |
_bSubline _c2002 |
||
| 300 | _a160 | ||
| 542 | _d31-03-2006 | ||
| 650 |
_aSociology _948558 |
||
| 906 | _d2005-2006 | ||
| 999 |
_c28406 _d28406 |
||